[Event "Washington State Invitational"]
[Site "Seattle"]
[Date "2011.02.19"]
[Round "5"]
[White "Watts, Peter Owen"]
[Black "Xing, Casey"]
[Result "1/2-1/2"]
[WhiteElo "1910"]
[BlackElo "1887"]
[PlyCount "78"]
[EventDate "2011.02.12"]
[EventType "tourn"]
[EventRounds "9"]
[EventCountry "USA"]
[SourceTitle "EXT 2017"]
[Source "ChessBase"]
[SourceDate "2016.10.25"]
[SourceVersion "1"]
[SourceVersionDate "2016.10.25"]
[SourceQuality "1"]

1. Nf3 d5 2. g3 Nf6 3. Bg2 c5 4. 0-0 Nc6 5. c4 d4 6. d3 e6 7. e4 e5 8. Nh4 Be6 9. f4 Bd6 10. Nf5 Bxf5 11. exf5 Qc7 12. fxe5 Bxe5 13. Re1 0-0 14. Nd2 Rfe8 15. Ne4 Nxe4 16. Bxe4 Bf6 17. Qh5 Ne5 18. Bd2 Re7 19. g4 g6 20. Qh3 gxf5 21. Bxf5 Ng6 22. Be4 Rae8 23. Rf1 Bg7 24. Rf5 Rxe4 25. dxe4 Rxe4 26. Re1 Rxe1+ 27. Bxe1 Qe7 28. Qf1 Bh6 29. Bf2 Nf4 30. Qe1 Ne2+ 31. Kf1 d3 32. Rd5 Qe4 33. Rxd3 Qxd3 34. Qxe2 Qd6 35. Bg3 Bf4 36. Bxf4 Qxf4+ 37. Kg2 Qc7 38. Qe4 b6 39. h4 Qd7 1/2-1/2

[Event "Washington State Invitational"]
[Site "Seattle"]
[Date "2011.02.13"]
[Round "4"]
[White "Hosford, Michael J"]
[Black "Watts, Peter Owen"]
[Result "1/2-1/2"]
[WhiteElo "1859"]
[BlackElo "1910"]
[PlyCount "120"]
[EventDate "2011.02.12"]
[EventType "tourn"]
[EventRounds "9"]
[EventCountry "USA"]
[SourceTitle "EXT 2017"]
[Source "ChessBase"]
[SourceDate "2016.10.25"]
[SourceVersion "1"]
[SourceVersionDate "2016.10.25"]
[SourceQuality "1"]

1. e4 e5 2. Nf3 Nf6 3. Bc4 Nxe4 4. Nc3 Nd6 5. Bb3 Nc6 6. 0-0 Be7 7. Re1 0-0 8. Nxe5 Nd4 9. Nd5 Bg5 10. Nf3 Nxb3 11. axb3 Bh6 12. d3 Bxc1 13. Qxc1 Re8 14. Qf4 b6 15. Nxb6 Rxe1+ 16. Nxe1 g5 17. Qe5 cxb6 18. Qxd6 Bb7 19. Nf3 Bxf3 20. gxf3 Qc8 21. Qd5 h6 22. Ra4 Qc6 23. Qxc6 dxc6 24. f4 f5 25. fxg5 hxg5 26. h4 b5 27. Rd4 gxh4 28. Rxh4 Kg7 29. Rd4 a5 30. Rd6 Rc8 31. Kg2 a4 32. bxa4 bxa4 33. Rd4 Ra8 34. Rd7+ Kf6 35. Rd6+ Ke5 36. Rxc6 Rb8 37. Rc5+ Ke6 38. Kf3 Rxb2 39. Ke3 a3 40. Kd2 Rb1 41. Ra5 Ra1 42. Kc3 Rf1 43. Rxa3 Rxf2 44. Ra6+ Ke5 45. d4+ Kf4 46. Re6 Rf3+ 47. Kc4 Rf1 48. Kd5 Kg5 49. c4 f4 50. c5 f3 51. Re8 Kf6 52. Rf8+ Ke7 53. Rf4 Kd7 54. Ke4 f2 55. Ke3 Ke6 56. Rxf2 Rh1 57. Rc2 Rh3+ 58. Ke2 Kd5 59. c6 Rh2+ 60. Kd1 Rxc2 1/2-1/2

[Event "Washington Challengers Cup"]
[Site "Seattle"]
[Date "2009.12.12"]
[Round "2"]
[White "Dietsch, Kristen S"]
[Black "Watts, Peter Owen"]
[Result "1-0"]
[WhiteElo "1855"]
[BlackElo "1916"]
[PlyCount "103"]
[EventDate "2009.12.12"]
[EventType "swiss"]
[EventRounds "4"]
[EventCountry "USA"]
[SourceTitle "EXT 2017"]
[Source "ChessBase"]
[SourceDate "2016.10.25"]
[SourceVersion "1"]
[SourceVersionDate "2016.10.25"]
[SourceQuality "1"]

1. e4 Nf6 2. d3 d6 3. g3 g6 4. Bg2 Bg7 5. f4 Nbd7 6. Nf3 0-0 7. Nh4 h6 8. f5 g5 9. Nf3 d5 10. e5 Ne8 11. d4 c5 12. c3 Qb6 13. g4 e6 14. f6 Nexf6 15. exf6 Nxf6 16. Ne5 Ne4 17. Bxe4 dxe4 18. Qb3 Qc7 19. Be3 Bxe5 20. dxe5 Qxe5 21. Nd2 b6 22. 0-0-0 Ba6 23. Nc4 Bxc4 24. Qxc4 Rad8 25. Qe2 f5 26. gxf5 exf5 27. Qc4+ Kg7 28. Qa6 Rxd1+ 29. Rxd1 Rf7 30. Qc8 f4 31. Bg1 f3 32. Rd7 Qf4+ 33. Kd1 e3 34. Rxf7+ Kxf7 35. Qd7+ Kf6 36. Qd8+ Ke6 37. Qe8+ Kd5 38. Qxe3 Qxe3 39. Bxe3 Ke4 40. Kd2 h5 41. Bxg5 f2 42. Ke2 f1Q+ 43. Kxf1 Kd3 44. Bf6 Kc2 45. b4 c4 46. a4 a5 47. bxa5 bxa5 48. Ke2 Kb3 49. Ke3 Kxa4 50. Bd8 Kb5 51. Kd4 a4 52. Be7 1-0

[Event "Washington State Invitational"]
[Site "Redmond"]
[Date "2009.02.15"]
[Round "7"]
[White "Watts, Peter Owen"]
[Black "Kolde, Sterling"]
[Result "1-0"]
[WhiteElo "1935"]
[BlackElo "1822"]
[PlyCount "51"]
[EventDate "2009.02.07"]
[EventType "tourn"]
[EventRounds "9"]
[EventCountry "USA"]
[SourceTitle "EXT 2017"]
[Source "ChessBase"]
[SourceDate "2016.10.25"]
[SourceVersion "1"]
[SourceVersionDate "2016.10.25"]
[SourceQuality "1"]

1. c4 e5 2. Nc3 Nc6 3. g3 f5 4. Bg2 Nf6 5. e3 d5 6. cxd5 Nb4 7. d3 c6 8. a3 Nbxd5 9. Nge2 Bd6 10. 0-0 0-0 11. e4 Ne7 12. Qb3+ Kh8 13. Rd1 f4 14. d4 exd4 15. Rxd4 fxg3 16. Bf4 gxh2+ 17. Kh1 Ned5 18. exd5 c5 19. Bxd6 Qxd6 20. Rf4 Bd7 21. f3 g5 22. Ne4 Qe7 23. Rxf6 Rxf6 24. Qc3 Kg7 25. N2g3 b6 26. Qxf6+ 1-0

[Event "Washington Class-ch A"]
[Site "Redmond"]
[Date "2008.11.28"]
[Round "2"]
[White "Warrier, Krishnan"]
[Black "Watts, Peter Owen"]
[Result "0-1"]
[WhiteElo "1771"]
[BlackElo "1920"]
[PlyCount "67"]
[EventDate "2008.11.28"]
[EventType "swiss"]
[EventRounds "6"]
[EventCountry "USA"]
[SourceTitle "EXT 2017"]
[Source "ChessBase"]
[SourceDate "2016.10.25"]
[SourceVersion "1"]
[SourceVersionDate "2016.10.25"]
[SourceQuality "1"]

1. e4 Nf6 2. e5 Nd5 3. d4 d6 4. exd6 exd6 5. c3 Nc6 6. Bd3 Be7 7. h3 0-0 8. Nf3 f5 9. Qb3 Be6 10. Bc4 Na5 11. Bxd5 Nxb3 12. Bxe6+ Kh8 13. axb3 d5 14. 0-0 Qd6 15. Re1 Rae8 16. g3 Rf6 17. Ng5 Bf8 18. Bf4 Qc6 19. Nd2 h6 20. Nf7+ Kh7 21. Bxf5+ Rxf5 22. Rxe8 Qxe8 23. Ne5 g5 24. Be3 a6 25. f4 gxf4 26. Bxf4 Qb5 27. Ndf3 Bd6 28. Nh4 Rf8 29. Re1 Qxb3 30. Neg6 Rf6 31. Bxd6 Rxd6 32. Re7+ Kg8 33. Re8+ Kf7 34. Re7+ 0-1

[Event "Seattle Seafair op"]
[Site "Seattle"]
[Date "2008.??.??"]
[Round "3"]
[White "Guo, Alex"]
[Black "Watts, Peter Owen"]
[Result "1-0"]
[WhiteElo "2054"]
[BlackElo "1905"]
[PlyCount "25"]
[EventDate "2008.08.15"]
[EventType "swiss"]
[EventRounds "5"]
[EventCountry "USA"]
[SourceTitle "EXT 2017"]
[Source "ChessBase"]
[SourceDate "2016.10.25"]
[SourceVersion "1"]
[SourceVersionDate "2016.10.25"]
[SourceQuality "1"]

1. c4 c5 2. Nc3 Nf6 3. g3 g6 4. Bg2 Bg7 5. e4 e5 6. Nge2 d6 7. a3 Nc6 8. Rb1 0-0 9. b4 b6 10. 0-0 Be6 11. d3 Qd7 12. f4 Rab8 13. f5 1-0